1029 1187 1976 1650 1978 1056 1496 1875 1175 1584 1063 1263 1209 1293 1555 1082 1798 1702 1886 1607 1254 1180 1117 1778 1599 1787 1977 1556 1873 1053 1479 1011 1406 1049 1064 1153 1318 1068 1389 1729 1206 1651 1565 1369 1056 1865 1558 1812 1589 1255 1516 1972 1743 1269 1886 1120 1514 1276 1978 1518 1067 1569 1258 1590 1240 1500 1253 1589 1511 1128 1858 1490 1020 1452 1410 1031 1351 1103 1981 1457 1538 1977 1428 1788 1424 1336 1166 1654 1592 1184 1075 1480 1817 1036 1277 1017 1450 1608 1560 BCNSPRNW ULIB Ver.6.0+V

เปลี่ยนเป็นภาษาไทย

Change to English
 แสดงรายละเอียดบรรณานุกรม
  กลับหน้าหลัก

Brief Record : Get Marc (ISO 2709) : E-mail record : QR code < ปิดหน้าต่าง
LEADER : 00000nam 2200000uu 4500
001    13399108680
003     ULIB
008    110311s2009||||th 000 0 eng d
020    9780781796040 (hbk.)
020    9780781770552 (pbk.)
060 04 QS17^bA284g 2009
100 1  Agur, Anne M.R.
245 10 Grant s atlas of anatomy /^cAnne M.R. Agur, Arthur F.Dalley II
246 30 Atlas of anatomy
250    12th ed.
260    Philadelphia :^bWolter Kluwer/Lippincott Williams &Wilkins,^c2009
300    xvi, 864 p. :^bcol. ill. ;^c28 cm.
504    Includes bibliographical references and index
650  2 Anatomy, Regional^vAtlases
700 1  Grant, J.C. Boileau^q(John Charles Boileau),^d1886-1973
700 1  Dalley, Arthur F.
945    ^p0^l0^i18080
945    ^p0^l0^i15156
945    ^p0^l0^i15157
995    Kesorn
999 ^a ใช้งานได้ทุกระบบ
รายการนี้ยังไม่มีแท็ก
คุณยังไม่ได้ล็อกอิน คุณสามารถมีกิจกรรมร่วมกับเว็บไซต์ได้ แต่ต้องล็อกอินก่อน ::
  ล็อกอิน

รายการสื่อสารสนเทศ

ลำดับที่ ประเภท เลขเรียก/บาร์โค้ด สถานที่ สถานะ
1. วิทยาศาสตร์การแพทย์ และสุขภาพ
วิทยาศาสตร์การแพทย์ และสุขภาพ
QS17 A284g 2009 ฉ.2 
  Barcode: 15156
ห้องสมุดวิทยาเขตสวรรค์ประชารักษ์
►หนังสือทั่วไป
บนชั้น
2. วิทยาศาสตร์การแพทย์ และสุขภาพ
วิทยาศาสตร์การแพทย์ และสุขภาพ
QS17 A284g 2009 ฉ.3 
  Barcode: 15157
ห้องสมุดวิทยาเขตสวรรค์ประชารักษ์
►หนังสือทั่วไป
บนชั้น

รายการใกล้เคียง
    ผู้แต่ง [Agur, Anne M.R.]

BibComment


ยังไม่เคยถูกคอมเมนท์

คอมเมนท์ทรัพยากรรายการนี้
  คอมเมนท์: Grant s atlas of ..


 Copyright 2026. Bcnsprnw @Library